[Event "24th Chicago Open"]
[Site "Wheeling, IL"]
[Date "2015.05.24"]
[Round "7"]
[White "Shankar, Gauri"]
[Black "Bregadze, Levan"]
[Result "1-0"]
[WhiteElo "2307"]
[BlackElo "2484"]
[PlyCount "93"]
[EventDate "2015.05.??"]
[EventType "swiss"]
[EventRounds "9"]
[EventCountry "USA"]
[Source "MonRoi"]

1. c4 Nf6 2. g3 e6 3. Bg2 d5 4. Nf3 dxc4 5. Qa4+ c6 6. Qxc4 b5 7. Qc2 Bb7 8. d4
Nbd7 9. O-O Be7 10. Nc3 a6 11. Rd1 Qb6 12. e4 O-O 13. e5 Nd5 14. Bg5 Nxc3 15.
Bxe7 Nxd1 16. Rxd1 h6 17. Bxf8 Rxf8 18. b4 a5 19. a3 Ra8 20. g4 axb4 21. axb4
Qd8 22. h4 Qe7 23. Rb1 Ra4 24. Qd2 Nb6 25. g5 Nc4 26. Qc3 Ra2 27. gxh6 gxh6 28.
Qc1 c5 29. Rb3 Bd5 30. Qxh6 Nxe5 31. dxe5 Bxb3 32. Ng5 Ra1+ 33. Kh2 Qc7 34.
Qh7+ Kf8 35. Qh8+ Ke7 36. Nxf7 Kd7 37. bxc5 Bd5 38. Bxd5 exd5 39. Qf6 Rc1 40.
Qf5+ Kc6 41. h5 Qd7 42. e6 Qc7+ 43. Kg2 Kxc5 44. h6 Qa7 45. Qe5 Rc4 46. Qd6+
Kd4 47. e7 1-0

[Event "24th Chicago Open"]
[Site "Wheeling, IL"]
[Date "2015.05.24"]
[Round "7"]
[White "Castillo, Joshua"]
[Black "La Rota, Fabio"]
[Result "1-0"]
[WhiteElo "2433"]
[BlackElo "2243"]
[PlyCount "89"]
[EventDate "2015.05.??"]
[EventType "swiss"]
[EventRounds "9"]
[EventCountry "USA"]
[Source "MonRoi"]

1. e4 c6 2. d4 d5 3. e5 a6 4. h4 c5 5. c3 Nc6 6. Be3 Qb6 7. Qd2 c4 8. h5 Bf5 9.
Nf3 h6 10. Nh4 Bh7 11. e6 fxe6 12. Ng6 Bxg6 13. hxg6 Qc7 14. f4 Nf6 15. Qc2 Ne4
16. Rh3 e5 17. fxe5 e6 18. Nd2 Nxd2 19. Kxd2 Be7 20. Be2 Kd7 21. Rf3 Raf8 22.
Rf7 Rhg8 23. Raf1 Nd8 24. Bg4 Kc8 25. Kc1 Kb8 26. Kb1 Qd7 27. Bc1 Qe8 28. Bh5
Rh8 29. R1f3 Rfg8 30. Ka1 Bg5 31. b3 Bxc1 32. Qxc1 cxb3 33. Qa3 bxa2 34. Qd6+
Ka8 35. Rd7 Rf8 36. Kxa2 Rxf3 37. Bxf3 Nc6 38. Qc7 Na5 39. Bd1 Qc8 40. Rxg7 Nc6
41. Qxc8+ Rxc8 42. Rf7 Rg8 43. g7 Ka7 44. Bc2 Nd8 45. Rd7 1-0

[Event "24th Chicago Open"]
[Site "Wheeling, IL"]
[Date "2015.05.24"]
[Round "7"]
[White "Schmakel, Sam"]
[Black "Li, Ruifeng"]
[Result "1-0"]
[WhiteElo "2301"]
[BlackElo "2426"]
[PlyCount "87"]
[EventDate "2015.05.??"]
[EventType "swiss"]
[EventRounds "9"]
[EventCountry "USA"]
[Source "MonRoi"]

1. d4 Nf6 2. c4 c6 3. Nf3 d5 4. Nc3 e6 5. e3 Nbd7 6. Qc2 Bd6 7. Bd3 dxc4 8.
Bxc4 b5 9. Be2 Bb7 10. O-O O-O 11. Rd1 Qc7 12. e4 e5 13. Bg5 exd4 14. Rxd4 b4
15. Bxf6 Nxf6 16. Na4 Be7 17. Nc5 a5 18. Rc1 Rad8 19. Nxb7 Qxb7 20. e5 Nd7 21.
Rg4 c5 22. Qf5 Qc6 23. Rg3 Nb6 24. Bd3 g6 25. Bb1 Qd7 26. Qe4 Qd5 27. Qe2 Rfe8
28. h4 Bf8 29. h5 Nd7 30. hxg6 hxg6 31. Rd1 Qe6 32. Ng5 Qxe5 33. Qc4 Qf6 34.
Bxg6 Ne5 35. Bxf7+ Kh8 36. Rxd8 Rxd8 37. Qe4 Rd1+ 38. Kh2 Ng4+ 39. Qxg4 Rd4 40.
Rh3+ Bh6 41. Qc8+ Rd8 42. Qxd8+ Qxd8 43. Rxh6+ Kg7 44. Ne6+ 1-0

[Event "24th Chicago Open"]
[Site "Wheeling, IL"]
[Date "2015.05.24"]
[Round "7"]
[White "Song, Michael"]
[Black "Aponte, Felix"]
[Result "0-1"]
[WhiteElo "2315"]
[BlackElo "2412"]
[PlyCount "50"]
[EventDate "2015.05.??"]
[EventType "swiss"]
[EventRounds "9"]
[EventCountry "USA"]
[Source "MonRoi"]

1. Nf3 c5 2. e3 Nf6 3. d4 e6 4. Be2 Nc6 5. O-O d5 6. Nbd2 Qc7 7. c3 b6 8. Qa4
Bd6 9. dxc5 bxc5 10. b4 c4 11. Qc2 O-O 12. a4 Ne7 13. e4 a6 14. Re1 Ng6 15. h3
Bb7 16. exd5 Bxd5 17. Ng5 h6 18. Nge4 Nxe4 19. Nxe4 Bh2+ 20. Kh1 Nh4 21. Bf1 f5
22. f4 Bxf4 23. Nc5 Rf6 24. Ba3 Rg6 25. Re2 Bd6 0-1

[Event "24th Chicago Open"]
[Site "Wheeling, IL"]
[Date "2015.05.24"]
[Round "7"]
[White "Hilby, Craig"]
[Black "Homa, Seth"]
[Result "0-1"]
[WhiteElo "2224"]
[BlackElo "2366"]
[PlyCount "86"]
[EventDate "2015.05.??"]
[EventType "swiss"]
[EventRounds "9"]
[EventCountry "USA"]
[Source "MonRoi"]

1. e4 c5 2. Nf3 e6 3. d4 cxd4 4. Nxd4 Nc6 5. Nc3 Qc7 6. Be3 a6 7. Qd2 Nf6 8.
O-O-O Be7 9. f3 b5 10. g4 Nxd4 11. Bxd4 Bb7 12. g5 Nh5 13. Kb1 O-O 14. h4 Ng3
15. Rg1 Nxf1 16. Rdxf1 e5 17. Be3 Rac8 18. h5 Bc5 19. g6 fxg6 20. hxg6 Bxe3 21.
gxh7+ Kh8 22. Qxe3 Rf4 23. Qd3 b4 24. Ne2 Rh4 25. Rf2 Rd8 26. Rfg2 Rxh7 27. c4
bxc3 28. Nxc3 Qb6 29. Qd2 Qf6 30. Rg3 Bc6 31. Rg6 Qe7 32. Nd5 Qf7 33. Ne3 Rc8
34. Nf5 Bxe4+ 35. fxe4 Qxg6 36. Qe3 Qe6 37. a3 Rb8 38. Qc3 Rh2 39. b4 Qa2+ 40.
Kc1 Qf2 41. Re1 Kh7 42. Ne7 Re8 43. Nd5 Rc8 0-1

[Event "24th Chicago Open"]
[Site "Wheeling, IL"]
[Date "2015.05.24"]
[Round "7"]
[White "Gurevich, Daniel"]
[Black "Corallo, Michael"]
[Result "1-0"]
[WhiteElo "2366"]
[BlackElo "2285"]
[PlyCount "80"]
[EventDate "2015.05.??"]
[EventType "swiss"]
[EventRounds "9"]
[EventCountry "USA"]
[Source "MonRoi"]

1. e4 e5 2. Nf3 Nc6 3. Bb5 Nf6 4. O-O Nxe4 5. Re1 Nd6 6. Nxe5 Be7 7. Bf1 Nxe5
8. Rxe5 O-O 9. d4 Bf6 10. Re1 Nf5 11. c3 d5 12. Nd2 Nd6 13. Nf3 Bg4 14. Bf4 c6
15. h3 Bh5 16. g4 Bg6 17. Ne5 Ne4 18. f3 Ng5 19. Bg3 Ne6 20. Qd2 Bh4 21. Bxh4
Qxh4 22. Qf2 Qxf2+ 23. Kxf2 Rfe8 24. h4 f6 25. Nxg6 hxg6 26. Kg3 Kf7 27. f4 Nc7
28. Bd3 Rxe1 29. Rxe1 Re8 30. Rxe8 Nxe8 31. b3 Nd6 32. f5 gxf5 33. gxf5 Nc8 34.
c4 Ke7 35. Kg4 Kd6 36. c5+ Ke7 37. b4 b5 38. cxb6 axb6 39. a4 Na7 40. Ba6 Kf8
1-0

[Event "24th Chicago Open"]
[Site "Wheeling, IL"]
[Date "2015.05.24"]
[Round "7"]
[White "Shetty, Atulya"]
[Black "Indusekar, Akshay"]
[Result "1-0"]
[WhiteElo "2331"]
[BlackElo "2047"]
[PlyCount "55"]
[EventDate "2015.05.??"]
[EventType "swiss"]
[EventRounds "9"]
[EventCountry "USA"]
[Source "MonRoi"]

1. c4 e6 2. Nf3 b6 3. g3 Bb7 4. Bg2 Nf6 5. O-O c5 6. b3 g6 7. d4 cxd4 8. Qxd4
Bg7 9. Bb2 O-O 10. Nc3 Ne4 11. Qd3 Nxc3 12. Bxc3 Bxc3 13. Qxc3 Qe7 14. Rfd1 f6
15. Rd2 Rc8 16. Qe3 Qc5 17. Qf4 Qf5 18. Qd4 e5 19. Qd6 Qe6 20. Rad1 Qxd6 21.
Rxd6 Rf8 22. Nd2 Bxg2 23. Kxg2 Kf7 24. Ne4 Ke7 25. h4 f5 26. Ng5 h6 27. Nf3 e4
28. Ne5 1-0

[Event "24th Chicago Open"]
[Site "Wheeling, IL"]
[Date "2015.05.24"]
[Round "7"]
[White "Niemann, Hans"]
[Black "Panchanatham, Vignesh"]
[Result "1-0"]
[WhiteElo "2181"]
[BlackElo "2229"]
[PlyCount "207"]
[EventDate "2015.05.??"]
[EventType "swiss"]
[EventRounds "9"]
[EventCountry "USA"]
[Source "MonRoi"]

1. d4 Nf6 2. c4 g6 3. Nc3 Bg7 4. e4 d6 5. Nf3 O-O 6. Be2 Na6 7. O-O e5 8. Be3
Ng4 9. Bg5 Qe8 10. h3 h6 11. Bc1 exd4 12. Nxd4 Nf6 13. Bf3 Qe5 14. Re1 Rd8 15.
b3 Nh7 16. Be3 Ng5 17. Ndb5 c6 18. Bd4 Qf4 19. Bxg7 Nxf3+ 20. Qxf3 Qxf3 21.
gxf3 Kxg7 22. Nd4 Bxh3 23. Rad1 Nc7 24. Kh2 Bc8 25. Rd2 Kf6 26. f4 Ne6 27. Nde2
a5 28. Red1 Ke7 29. Na4 Rb8 30. Nb6 Nc5 31. e5 Ne4 32. Rd4 Bf5 33. f3 dxe5 34.
Rxd8 Rxd8 35. Rxd8 Kxd8 36. fxe4 Bg4 37. Nc1 exf4 38. Nd3 g5 39. c5 Be6 40. Ne5
Kc7 41. Nbc4 a4 42. Nd2 b6 43. cxb6+ Kxb6 44. bxa4 Ka5 45. Nxc6+ Kxa4 46. Nb1
h5 47. Nc3+ Ka3 48. Nd5 f5 49. Nd4 fxe4 50. Nxe6 e3 51. Nxg5 e2 52. Nf3 Kxa2
53. Nc3+ Kb3 54. Nxe2 h4 55. Kh3 Kc4 56. Kxh4 Kd3 57. Ned4 Ke4 58. Kg5 Kd5 59.
Kf5 Kc4 60. Ke4 Kc5 61. Ne2 Kc4 62. Kf5 Kd3 63. Ned4 Kc4 64. Ke4 Kc5 65. Kd3
Kd5 66. Nb3 Kd6 67. Kd4 Ke6 68. Ke4 Kd6 69. Kd4 Ke6 70. Nbd2 Kd6 71. Kc4 Ke6
72. Nf1 Kd6 73. N1h2 Ke6 74. Kc5 Kd7 75. Ng4 Ke6 76. Nf2 Kd7 77. Ne4 Ke6 78.
Nd6 Kd7 79. Nb5 Ke6 80. Nbd4+ Kd7 81. Kd5 Kc7 82. Ke6 Kb6 83. Kd6 Kb7 84. Nb5
Kb6 85. Nc3 Ka5 86. Kc5 Ka6 87. Nd5 Ka5 88. Nb6 Ka6 89. Nc4 Kb7 90. Kd6 Kc8 91.
Na5 Kd8 92. Nb7+ Ke8 93. Ke6 Kf8 94. Nd6 Kg7 95. Kf5 Kh6 96. Ne8 Kh5 97. Ng7+
Kh6 98. Kf6 Kh7 99. Nf5 Kg8 100. Ke7 Kh7 101. Kf7 Kh8 102. Ng5 f3 103. Ne7 f2
104. Ng6# 1-0

[Event "24th Chicago Open"]
[Site "Wheeling, IL"]
[Date "2015.05.24"]
[Round "7"]
[White "Polak, Alexander"]
[Black "Colas, Joshua"]
[Result "1/2-1/2"]
[WhiteElo "2122"]
[BlackElo "2292"]
[PlyCount "127"]
[EventDate "2015.05.??"]
[EventType "swiss"]
[EventRounds "9"]
[EventCountry "USA"]
[Source "MonRoi"]

1. c4 Nf6 2. Nf3 e6 3. Nc3 d5 4. cxd5 exd5 5. d4 c6 6. Qc2 Be7 7. Bf4 O-O 8. e3
Nbd7 9. h3 Re8 10. Bd3 Nf8 11. O-O Ng6 12. Bh2 Bd6 13. Bxd6 Qxd6 14. Rab1 Bd7
15. b4 Rac8 16. Rfc1 Qe7 17. Nd2 Nf8 18. Nb3 b6 19. Nd2 Ne6 20. Nf3 Red8 21.
Qe2 g6 22. Ne5 Be8 23. Nd1 Qd6 24. Rc2 c5 25. bxc5 bxc5 26. Ng4 Nxg4 27. Qxg4
c4 28. Be2 Bd7 29. Qh4 Ng7 30. g4 Ba4 31. Rcc1 Bxd1 32. Bxd1 Rb8 33. Qg3 Qxg3+
34. fxg3 Kf8 35. Bf3 Rxb1 36. Rxb1 Ne6 37. Rb5 c3 38. Rb3 Rc8 39. Rb1 Ng5 40.
Bxd5 Nxh3+ 41. Kf1 Ke7 42. Ke2 Kd6 43. Bg2 Ng5 44. Kd3 f5 45. gxf5 gxf5 46. Rc1
Rb8 47. Kxc3 a5 48. Rf1 Ke6 49. Bd5+ Kxd5 50. Rxf5+ Ke4 51. Rxg5 Kxe3 52. Rxa5
Rg8 53. Re5+ Kf3 54. Re7 h5 55. d5 Kxg3 56. d6 h4 57. Kd4 h3 58. Kc5 h2 59. Rh7
Rc8+ 60. Kb6 Rc2 61. a4 Rd2 62. Kc7 Rc2+ 63. Kd8 Ra2 64. d7 1/2-1/2

[Event "24th Chicago Open"]
[Site "Wheeling, IL"]
[Date "2015.05.25"]
[Round "8.2"]
[White "Sevian, Samuel"]
[Black "Georgiev, Vladimir"]
[Result "1/2-1/2"]
[WhiteElo "2565"]
[BlackElo "2550"]
[PlyCount "158"]
[EventDate "2015.05.??"]
[EventType "swiss"]
[EventRounds "9"]
[EventCountry "USA"]
[Source "MonRoi"]
[WhiteClock "0:00:27"]
[BlackClock "0:16:00"]

1. e4 e5 2. Nf3 Nc6 3. Bb5 a6 4. Ba4 Nf6 5. O-O b5 6. Bb3 Bb7 7. d3 Bc5 8. a4
O-O 9. Nc3 b4 10. Nd5 Na5 11. Bg5 Be7 12. Nxe7+ Qxe7 13. Ba2 h6 14. Bh4 b3 15.
Qd2 d5 16. Qxa5 dxe4 17. Qxe5 Qxe5 18. Nxe5 bxa2 19. Bxf6 gxf6 20. Nd7 exd3 21.
cxd3 Rfd8 22. Nc5 Bd5 23. b3 a5 24. Rxa2 Rab8 25. Rb2 Rb6 26. Rc1 f5 27. f3 Kf8
28. Kf2 Ke7 29. d4 Kd6 30. Rc3 Rdb8 31. Ke3 Rb4 32. Rd3 Bc4 33. Rc3 Re8+ 34.
Kf2 Bd5 35. Na6 Rb7 36. Rbc2 Re7 37. Nc5 Rb4 38. Rd2 Re8 39. Rdd3 Re7 40. Rc2
Re8 41. Re2 Reb8 42. Rb2 Bc4 43. Rc3 Bd5 44. Rd2 Re8 45. g3 Re7 46. Rdd3 Re8
47. Re3 Rg8 48. Rcd3 Ra8 49. Ke1 Rg8 50. f4 f6 51. Kd2 Rb6 52. Kc3 Rgb8 53. Kb2
h5 54. Ka3 Rh8 55. h4 Rg8 56. Rc3 Ra8 57. Nd3 Rab8 58. Nc5 Ra8 59. Rc2 Rb4 60.
Rd2 Rg8 61. Rdd3 Ra8 62. Kb2 Rg8 63. Rd1 Rgb8 64. Ka3 Rg8 65. Rc3 Rgb8 66. Rdd3
Ra8 67. Rc1 Rab8 68. Rdc3 Ra8 69. Rd1 Rab8 70. Re3 Ra8 71. Rd2 Rab8 72. Kb2
R4b6 73. Kc2 Be4+ 74. Nxe4+ fxe4 75. Rc3 c6 76. Rd1 Rb4 77. Rd2 R8b7 78. Rd1
Rb8 79. Rd2 R8b7 1/2-1/2

[Event "24th Chicago Open"]
[Site "Wheeling, IL"]
[Date "2015.05.25"]
[Round "8.3"]
[White "Naroditsky, Daniel"]
[Black "Gorovets, Andrey"]
[Result "1-0"]
[WhiteElo "2622"]
[BlackElo "2513"]
[PlyCount "124"]
[EventDate "2015.05.??"]
[EventType "swiss"]
[EventRounds "9"]
[EventCountry "USA"]
[Source "MonRoi"]
[WhiteClock "0:00:39"]
[BlackClock "0:00:16"]

1. e4 c5 2. Nf3 Nc6 3. d4 cxd4 4. Nxd4 g6 5. c4 Bg7 6. Be3 Nf6 7. Nc3 d6 8. Be2
O-O 9. O-O Bd7 10. Nc2 Be6 11. f4 Qa5 12. g4 Rfc8 13. f5 Bd7 14. g5 Ne8 15. Nd5
e6 16. fxg6 hxg6 17. Nf6+ Bxf6 18. gxf6 Qe5 19. Bd3 Nxf6 20. Qf3 Kg7 21. Rf2
Rf8 22. b4 d5 23. b5 dxe4 24. Bxe4 Nxe4 25. bxc6 Bxc6 26. Bd4 f6 27. Bxe5 fxe5
28. Qxf8+ Rxf8 29. Rxf8 Kxf8 30. Nb4 Ba4 31. Nd3 Ke7 32. Re1 Ng5 33. Nxe5 Bc2
34. h4 Nf7 35. Nf3 Bd3 36. c5 Bc4 37. a3 Bd5 38. Kf2 Kf6 39. Kg3 Nh6 40. Ng5
Nf5+ 41. Kg4 e5 42. Ne4+ Ke6 43. Kg5 Bc6 44. Nd6 Nd4 45. Kxg6 Nf3 46. Rh1 b6
47. h5 bxc5 48. Nc4 Be4+ 49. Kg7 Kd5 50. Rc1 Ng5 51. h6 Bd3 52. Rg1 Ne6+ 53.
Kf6 Nf8 54. Ne3+ Ke4 55. Re1 Nh7+ 56. Kg7 Kd4 57. Ng4 Ng5 58. Nxe5 c4 59. Nxd3
cxd3 60. Kg6 Nf3 61. Rd1 Ne5+ 62. Kg7 Kd5 1-0

[Event "24th Chicago Open"]
[Site "Wheeling, IL"]
[Date "2015.05.25"]
[Round "8.4"]
[White "Holt, Conrad"]
[Black "Azarov, Sergei"]
[Result "0-1"]
[WhiteElo "2533"]
[BlackElo "2619"]
[PlyCount "76"]
[EventDate "2015.05.??"]
[EventType "swiss"]
[EventRounds "9"]
[EventCountry "USA"]
[Source "MonRoi"]
[WhiteClock "0:04:53"]
[BlackClock "0:05:15"]

1. d4 d5 2. c4 e6 3. Nf3 dxc4 4. Nc3 a6 5. e3 Nf6 6. a4 b6 7. Bxc4 Bb7 8. O-O
c5 9. Qe2 Nbd7 10. Rd1 Qc7 11. d5 exd5 12. Nxd5 Nxd5 13. Bxd5 Bxd5 14. Rxd5 Be7
15. e4 O-O 16. Bf4 Qc6 17. Ne5 Nxe5 18. Bxe5 Rfe8 19. g3 Bf8 20. Qg4 Re6 21.
Bc3 Rae8 22. f3 b5 23. axb5 axb5 24. Rc1 Qa6 25. Qf4 b4 26. Be1 c4 27. Qd2 Rc8
28. Bf2 Rec6 29. Qe2 Qa2 30. Kf1 b3 31. Rb5 c3 32. bxc3 Rxc3 33. Rxc3 Rxc3 34.
Rb8 Rc2 35. Qe1 h6 36. Kg1 b2 37. Kg2 b1=Q 38. Rxb1 Bc5 0-1

[Event "24th Chicago Open"]
[Site "Wheeling, IL"]
[Date "2015.05.25"]
[Round "8"]
[White "Dobrov, Vladimir"]
[Black "Suarez, Isan"]
[Result "1-0"]
[WhiteElo "2490"]
[BlackElo "2581"]
[PlyCount "87"]
[EventDate "2015.05.??"]
[EventType "swiss"]
[EventRounds "9"]
[EventCountry "USA"]
[Source "MonRoi"]

1. d4 Nf6 2. c4 e6 3. Nf3 Bb4+ 4. Nbd2 O-O 5. a3 Be7 6. e4 d6 7. Bd3 e5 8. d5
a5 9. b3 Nbd7 10. O-O c6 11. Bb2 g6 12. b4 c5 13. Bc3 Nh5 14. g3 Ng7 15. Ne1 f5
16. bxa5 f4 17. Be2 g5 18. Nd3 Qe8 19. gxf4 gxf4 20. Kh1 Bd8 21. Nb3 Nf6 22.
Bf3 Bc7 23. Rg1 Qe7 24. Qd2 h5 25. Rae1 Ng4 26. Bd1 Rf7 27. f3 Ne3 28. Rxe3
fxe3 29. Qxe3 b5 30. axb6 Bxb6 31. f4 exf4 32. Nxf4 Bf5 33. Nd2 Ba5 34. Bxa5
Rxa5 35. Bxh5 Rf6 36. Rxg7+ Kxg7 37. Qg3+ Kh6 38. exf5 Rxa3 39. Nf3 Kh7 40.
Ng5+ Kh8 41. Qxa3 Qe1+ 42. Kg2 Rxf5 43. Qa8+ Kg7 44. Nfe6+ 1-0

[Event "24th Chicago Open"]
[Site "Wheeling, IL"]
[Date "2015.05.25"]
[Round "8"]
[White "Rosen, Eric"]
[Black "Carmenate, Holden"]
[Result "1-0"]
[WhiteElo "2372"]
[BlackElo "2544"]
[PlyCount "123"]
[EventDate "2015.05.??"]
[EventType "swiss"]
[EventRounds "9"]
[EventCountry "USA"]
[Source "MonRoi"]

1. e4 c5 2. Nf3 e6 3. c4 Nc6 4. Nc3 e5 5. d3 g6 6. a3 a5 7. Nd5 d6 8. Bg5 f6 9.
Be3 Be6 10. Rb1 Bg7 11. b4 axb4 12. axb4 Bxd5 13. cxd5 Nxb4 14. Bd2 Bh6 15.
Bxb4 cxb4 16. Be2 Ra3 17. O-O Qa5 18. Nd2 b5 19. Nb3 Qb6 20. Na1 Qc5 21. d4 Qc3
22. Bxb5+ Kf7 23. Qg4 f5 24. exf5 Nf6 25. fxg6+ Kg7 26. Qe6 Kxg6 27. dxe5 dxe5
28. d6 Rd8 29. Bc4 Rd7 30. Rb3 Qd2 31. Rg3+ Rxg3 32. fxg3 Be3+ 33. Kh1 Bf2 34.
g4 Bh4 35. Qxe5 Rxd6 36. Nb3 Qc3 37. Qxd6 Qxc4 38. Nd2 Qxg4 39. Nf3 Qe4 40.
Nxh4+ Qxh4 41. Qf4 Qg5 42. Qxb4 Qe5 43. Qf4 Qe6 44. Qg3+ Kf7 45. Rc1 Qe4 46.
Re1 Qf5 47. Qf3 Qa5 48. Rb1 Qe5 49. Rb7+ Kg6 50. Qg3+ Qxg3 51. hxg3 Ne4 52. Kh2
Nf2 53. Rb5 Kf6 54. Kg1 Ne4 55. g4 Kg6 56. Kh2 Nc3 57. Ra5 Ne2 58. Kh3 Kh6 59.
Kh4 Nf4 60. g5+ Kg6 61. Kg4 Nxg2 62. Re5 1-0

[Event "24th Chicago Open"]
[Site "Wheeling, IL"]
[Date "2015.05.25"]
[Round "8"]
[White "Gurevich, Dmitry"]
[Black "Nyzhnyk, Illia"]
[Result "0-1"]
[WhiteElo "2473"]
[BlackElo "2622"]
[PlyCount "90"]
[EventDate "2015.05.??"]
[EventType "swiss"]
[EventRounds "9"]
[EventCountry "USA"]
[Source "MonRoi"]

1. Nf3 Nf6 2. c4 g6 3. Nc3 Bg7 4. d4 d6 5. e4 O-O 6. Be2 e5 7. O-O Nc6 8. d5
Ne7 9. Ne1 Nd7 10. Be3 f5 11. f3 f4 12. Bf2 g5 13. Nb5 b6 14. b4 a6 15. Nc3 Rf6
16. Nd3 Qe8 17. a4 Rh6 18. Be1 c5 19. dxc6 Nb8 20. Nf2 Nbxc6 21. a5 bxa5 22. b5
axb5 23. Nxb5 Qd8 24. Bc3 Qb6 25. Qd2 Nd4 26. Rfb1 Nxe2+ 27. Qxe2 Be6 28. Nd4
Qxb1+ 29. Rxb1 exd4 30. Ba1 Nc6 31. e5 dxe5 32. Rb6 Bf7 33. Ne4 d3 34. Qa2 Bf8
35. Qa4 Rd8 36. Rxc6 d2 37. Nxd2 Rxc6 38. Qxc6 Rxd2 39. Bxe5 Rd1+ 40. Kf2 Rd2+
41. Kf1 h6 42. h3 Rd1+ 43. Kf2 Rc1 44. Qf6 Bc5+ 45. Ke2 Bxc4+ 0-1

[Event "24th Chicago Open"]
[Site "Wheeling, IL"]
[Date "2015.05.25"]
[Round "8"]
[White "Stukopin, Andrey"]
[Black "Panchevski, Filip"]
[Result "1/2-1/2"]
[WhiteElo "2573"]
[BlackElo "2494"]
[PlyCount "55"]
[EventDate "2015.05.??"]
[EventType "swiss"]
[EventRounds "9"]
[EventCountry "USA"]
[Source "MonRoi"]

1. Nf3 d6 2. d4 g6 3. e4 Bg7 4. Be2 c6 5. c4 e5 6. O-O Nd7 7. Nc3 Ngf6 8. Qc2
O-O 9. Rd1 Qe7 10. Bf1 Re8 11. d5 c5 12. g3 Kh8 13. Bg2 Ng8 14. Ne1 Rf8 15. Nd3
f5 16. Re1 f4 17. gxf4 Qh4 18. Ne2 Ngf6 19. Ng3 Ng4 20. Nf1 exf4 21. Bxf4 Rxf4
22. Nxf4 Bd4 23. Re2 Nxf2 24. Ne6 Nh3+ 25. Kh1 Nf2+ 26. Kg1 Nh3+ 27. Kh1 Nf2+
28. Kg1 1/2-1/2

[Event "24th Chicago Open"]
[Site "Wheeling, IL"]
[Date "2015.05.25"]
[Round "8"]
[White "Troff, Kayden"]
[Black "Shankar, Gauri"]
[Result "1/2-1/2"]
[WhiteElo "2556"]
[BlackElo "2307"]
[PlyCount "100"]
[EventDate "2015.05.??"]
[EventType "swiss"]
[EventRounds "9"]
[EventCountry "USA"]
[Source "MonRoi"]

1. d4 Nf6 2. c4 e6 3. Nf3 Bb4+ 4. Nbd2 O-O 5. a3 Be7 6. e4 d6 7. b3 Nbd7 8. Bb2
c5 9. Qc2 cxd4 10. Nxd4 a6 11. Be2 Qc7 12. O-O b6 13. Rfe1 Bb7 14. Bd1 Rac8 15.
Qd3 Rfe8 16. Bc2 Ne5 17. Qg3 Ng6 18. Rac1 Qb8 19. b4 Qa8 20. Qh3 Red8 21. Bb1
Re8 22. Kh1 Bd8 23. N4f3 Be7 24. Nd4 Bd8 25. Kg1 Be7 26. g3 Bf8 27. N4f3 b5 28.
cxb5 axb5 29. Rxc8 Qxc8 30. Bd3 Ba6 31. Qf1 Qd7 32. a4 Rb8 33. Nd4 d5 34. e5
Ne4 35. Nxe4 dxe4 36. Bxe4 Nxe5 37. Bxh7+ Kxh7 38. Rxe5 Kg8 39. Rh5 Rd8 40. Qh3
f6 41. Rh8+ Kf7 42. Qh5+ Ke7 43. axb5 Bb7 44. Nc6+ Bxc6 45. bxc6 Qxc6 46. Ba3
Qa4 47. Qa5 Qd1+ 48. Kg2 Kf7 49. Qh5+ Qxh5 50. Rxh5 Ra8 1/2-1/2

[Event "24th Chicago Open"]
[Site "Wheeling, IL"]
[Date "2015.05.25"]
[Round "8"]
[White "Chirila, Ioan"]
[Black "Harmon-Vellotti, Luke"]
[Result "1-0"]
[WhiteElo "2542"]
[BlackElo "2412"]
[PlyCount "103"]
[EventDate "2015.05.??"]
[EventType "swiss"]
[EventRounds "9"]
[EventCountry "USA"]
[Source "MonRoi"]

1. d4 Nf6 2. c4 e6 3. Nc3 Bb4 4. f3 d5 5. a3 Bxc3+ 6. bxc3 c5 7. cxd5 Nxd5 8.
dxc5 Qa5 9. e4 Ne7 10. Be3 O-O 11. Qb3 Qc7 12. Bb5 e5 13. Ne2 Nec6 14. O-O Be6
15. Qc2 Na5 16. Nc1 Rd8 17. Rd1 Nbc6 18. Rb1 Rxd1+ 19. Qxd1 Rd8 20. Qa4 a6 21.
Be2 f6 22. Nd3 Bc4 23. Qc2 Qf7 24. Nb4 Bxe2 25. Qxe2 Qc4 26. Qxc4+ Nxc4 27. Nd5
N6a5 28. a4 Nxe3 29. Nxe3 Rc8 30. Rd1 Rxc5 31. Rd8+ Kf7 32. Rd7+ Kf8 33. Nf5
Rxc3 34. Rxg7 h5 35. Rh7 Ra3 36. Rxh5 Rxa4 37. Rh8+ Kf7 38. h4 Nc6 39. Rh7+ Kf8
40. Rh8+ Kf7 41. Rh7+ Kf8 42. Rxb7 Nd4 43. Rb6 Kf7 44. Nh6+ Kg7 45. Ng4 f5 46.
exf5 Nxf5 47. h5 Kh7 48. Rb7+ Kg8 49. h6 Rxg4 50. h7+ Kh8 51. fxg4 Ng7 52. Re7
1-0

[Event "24th Chicago Open"]
[Site "Wheeling, IL"]
[Date "2015.05.25"]
[Round "8"]
[White "Molner, Mackenzie"]
[Black "Kiewra, Keaton"]
[Result "1/2-1/2"]
[WhiteElo "2507"]
[BlackElo "2394"]
[PlyCount "79"]
[EventDate "2015.05.??"]
[EventType "swiss"]
[EventRounds "9"]
[EventCountry "USA"]
[Source "MonRoi"]

1. e4 c5 2. Nf3 e6 3. d4 cxd4 4. Nxd4 Nc6 5. Nc3 a6 6. Nxc6 bxc6 7. Bd3 d5 8.
O-O Nf6 9. Qf3 Be7 10. e5 Nd7 11. Qg3 g6 12. Bh6 Rb8 13. Na4 Rb4 14. b3 Rh4 15.
Bd2 c5 16. f4 Bb7 17. Rad1 Qa8 18. c4 d4 19. Rde1 Kf8 20. Qf2 Rg8 21. g3 Rh5
22. Nb2 Rg7 23. Qe2 Rf5 24. h4 h5 25. Be4 Rg8 26. Nd3 Bxe4 27. Qxe4 Kg7 28.
Qxa8 Rxa8 29. Ba5 Nb8 30. Rf2 Nd7 31. Rb2 Rc8 32. Kg2 Rc6 33. Re4 f6 34. exf6+
Nxf6 35. Re1 Ng4 36. Kf3 Bf6 37. Rbe2 e5 38. Bd2 Kf7 39. Kg2 exf4 40. Bxf4
1/2-1/2

[Event "24th Chicago Open"]
[Site "Wheeling, IL"]
[Date "2015.05.25"]
[Round "8"]
[White "Krishnan, Varun"]
[Black "Friedel, Joshua"]
[Result "0-1"]
[WhiteElo "2261"]
[BlackElo "2505"]
[PlyCount "178"]
[EventDate "2015.05.??"]
[EventType "swiss"]
[EventRounds "9"]
[EventCountry "USA"]
[Source "MonRoi"]

1. e4 e5 2. Nf3 Nc6 3. Bb5 a6 4. Ba4 Nf6 5. O-O b5 6. Bb3 Bc5 7. a4 Rb8 8. c3
d6 9. d4 Bb6 10. axb5 axb5 11. Be3 Bg4 12. Qd3 Bxf3 13. gxf3 O-O 14. Kh1 Nh5
15. Qxb5 Bxd4 16. Qxc6 Bxe3 17. Bxf7+ Rxf7 18. fxe3 Rxb2 19. Ra8 Rb8 20. Rxb8
Qxb8 21. Nd2 g6 22. Rb1 Qa7 23. Re1 Qa2 24. Re2 Kg7 25. Kg2 Nf6 26. Qc4 Qa1 27.
Nf1 Qd1 28. Rd2 Qb1 29. Re2 Qb7 30. Rd2 Nd7 31. Qd5 Qb8 32. Ra2 Qd8 33. Rf2 Nc5
34. Qd2 h5 35. Qd5 Qg5+ 36. Kh1 h4 37. h3 Qd8 38. Nh2 Qb8 39. Rd2 Qa7 40. Qa2
Qb7 41. Rb2 Qc8 42. Kg2 Rf8 43. Rb1 Qa8 44. Qc2 Qa6 45. Ng4 Ra8 46. Qf2 g5 47.
Qd2 Qc4 48. Rb4 Ra2 49. Rxc4 Rxd2+ 50. Kf1 Ne6 51. Nf2 Kf7 52. Ke1 Ra2 53. Rb4
Nc5 54. Rb8 Rc2 55. Rc8 Ne6 56. Nd1 Ke7 57. Rg8 c5 58. Rb8 c4 59. Rb2 Rc1 60.
Rb7+ Kd8 61. Kd2 Ra1 62. Nb2 Rb1 63. Rb6 Kc7 64. Kc2 Kxb6 65. Kxb1 Kb5 66. Nd1
Nc5 67. Nf2 Nd3 68. Ng4 Ne1 69. Nh2 Ka4 70. Kb2 Nd3+ 71. Kc2 Nf2 72. f4 gxf4
73. exf4 exf4 74. Nf3 Nxh3 75. Nxh4 Ng5 76. Ng2 f3 77. Ne3 f2 78. e5 dxe5 79.
Kd2 Kb3 80. Ke2 Kxc3 81. Nd1+ Kd4 82. Nxf2 e4 83. Ng4 Ne6 84. Ne3 Nf4+ 85. Kf2
c3 86. Nc2+ Kd3 87. Nb4+ Kd2 88. Kg3 c2 89. Na2 Nd3 0-1

[Event "24th Chicago Open"]
[Site "Wheeling, IL"]
[Date "2015.05.25"]
[Round "8"]
[White "Fishbein, Alexander"]
[Black "Wang, Qibiao"]
[Result "1-0"]
[WhiteElo "2499"]
[BlackElo "2260"]
[PlyCount "76"]
[EventDate "2015.05.??"]
[EventType "swiss"]
[EventRounds "9"]
[EventCountry "USA"]
[Source "MonRoi"]

1. Nf3 Nf6 2. c4 e6 3. g3 d5 4. b3 c5 5. Bg2 Nc6 6. O-O Be7 7. e3 b6 8. Bb2 Bb7
9. cxd5 Qxd5 10. d4 Qd7 11. dxc5 Bxc5 12. Qxd7+ Kxd7 13. Ne5+ Nxe5 14. Bxb7
Rab8 15. Bg2 Bd6 16. Rd1 Ke7 17. Na3 Rbd8 18. Nb5 Bb8 19. Ba3+ Ke8 20. f4 Ned7
21. Bc6 Ng8 22. Bd6 Ngf6 23. Bxb8 Rxb8 24. Nxa7 Rd8 25. Bb5 Ra8 26. Rac1 Rxa7
27. Rc8+ Ke7 28. Rxh8 Nf8 29. Rc1 Nd5 30. Rc8 Ng6 31. Ra8 Rxa8 32. Rxa8 Nc7 33.
Ra7 Kd6 34. Bd3 Ne7 35. Rb7 Nc8 36. Rb8 Kd7 37. e4 f6 38. e5 f5 1-0